Imperfect histories : the elusive past and the legacy of romantic historicism
Αποθηκεύτηκε σε:
| Κύριος συγγραφέας: | |
|---|---|
| Μορφή: | Βιβλίο |
| Γλώσσα: | English |
| Δημοσίευση: |
Ithaca; London :
Cornell University Press,
2001
|
| Θέματα: | |
| Ετικέτες: |
Προσθήκη ετικέτας
Δεν υπάρχουν, Καταχωρήστε ετικέτα πρώτοι!
|
MARC
| LEADER | 00000nam a2200000 i 4500 | ||
|---|---|---|---|
| 001 | 1/81076 | ||
| 008 | 050714s2001 eng d | ||
| 020 | |a 0-8014-3861-6 | ||
| 035 | |l 10079181 | ||
| 040 | |a GR-MY-UA |b gre |e aacr | ||
| 041 | 0 | |a eng | |
| 082 | 0 | |a 823.0810908 |2 (22) | |
| 100 | 1 | |a Rigney, Ann. | |
| 245 | 1 | 0 | |a Imperfect histories : |b the elusive past and the legacy of romantic historicism / |c Ann Rigney |
| 260 | |a Ithaca; London : |b Cornell University Press, |c 2001 | ||
| 300 | |a xii, 209 σ.; |c 24 εκ. | ||
| 504 | |a Περιέχει βιβλιογραφία (σ. 183-203) και ευρετήριο | ||
| 600 | 1 | 0 | |a Scott Walter |c Sir |d 1771-1832 |x Waverley novels. |
| 650 | 0 | 0 | |a Historical fiction, English |x History and criticism. |
| 650 | 0 | 0 | |a Literature and history |z Great Britain |x History |y 19th century. |
| 650 | 0 | 0 | |a Literature and history |z France |x History |y 19th century. |
| 650 | 0 | 0 | |a English fiction |y 19th century |x History and criticism. |
| 650 | 0 | 0 | |a Historical fiction |z Scottish |x History and criticism. |
| 650 | 0 | 0 | |a Historiography |z France |x History |y 19th century. |
| 650 | 0 | 0 | |a Historiography |z Great Britain |x History |y 10th century. |
| 650 | 0 | 0 | |a Historical fiction, French |x History and criticism. |
| 650 | 0 | 0 | |a Historicism |x History |y 19th century. |
| 650 | 0 | 0 | |a Romanticism |z Great Britain. |
| 650 | 0 | 0 | |a Romanticism |z France. |
| 852 | |a INST |b LESVOS |e 20050714 |h 823.0810908 RIG |p 005100032081 |q 005100032081 |t BK |y 0 | ||
| 901 | |a BIBL1-2005-2 | ||
| 909 | |a Λ |b 121820 | ||
| 920 | |a ΕΠΕΑΕΚ ΠΜΣ ΓΥΝΑΙΚΕΣ KAI ΦΥΛΑ |y ΛΕΣΒΟΣ |z 2005-06 | ||
| 970 | |a ΚΑΡΑ |b ΓΙΑΣΕΜΗ |z 2005/07/14 | ||